000 00448nam a2200169Ia 4500
001 2113
003 IN-NITTTR
005 20251114232925.0
008 251113s9999||||xx |||||||||||||| ||eng||
040 _beng
040 _cIN-NITTTR
041 _aeng
082 _a530 K611E
100 _aKingsbury, Robert F.
245 0 _aElements of physics :
_b an introduction for students of science and engineering /
_cKingsbury, Robert F.
942 _2ddc
_cBK
999 _c3121
_d3121